| 000 | 00573nam a22001937a 4500 | ||
|---|---|---|---|
| 005 | 20151015111017.0 | ||
| 010 | _aENG-113689 | ||
| 020 |
_a9789380177137 _c225.00 |
||
| 035 | _aEN- 97221 | ||
| 037 | _bDBAD/PUB | ||
| 082 | _a230.42 | ||
| 100 | _aAivanhov, Omraam Mikhael | ||
| 245 |
_aDaily meditations / _cby Omraam Mikhael Aivanhov |
||
| 260 |
_aNew Delhi _bVIJ Books _c2009 |
||
| 270 |
_a2/19,(Second Floor) Ansari Road, Darya Ganj _bNew Delhi _e110002 |
||
| 300 |
_a393p. _c20cm(pbk) |
||
| 500 | _aIncludes index | ||
| 942 |
_2ddc _cEN _mAIV _h230.42 |
||
| 999 |
_c95292 _d95292 |
||